Načítá se...
India from Curzon to Nehru &After
| Hlavní autor: | |
|---|---|
| Médium: | Printed Book |
| Jazyk: | English |
| Vydáno: |
London
Collins St.James Place
1969
|
| LEADER | 00437nam a22001217a 4500 | ||
|---|---|---|---|
| 008 | 211122b |||||||| |||| 00| 0 eng d | ||
| 082 | |a 954.035 | ||
| 100 | |a Das,Durga | ||
| 245 | |a India from Curzon to Nehru &After | ||
| 260 | |a London |b Collins St.James Place |c 1969 | ||
| 942 | |c BK | ||
| 999 | |c 363616 |d 363616 | ||
| 952 | |0 0 |1 0 |2 ddc |4 0 |6 954_035000000000000_DAS_I |7 0 |9 423537 |a HIS |b HIS |c ST1 |d 2021-11-22 |i 8471 |l 0 |o 954.035 DAS/I |p HIS8471 |r 2021-11-22 |w 2021-11-22 |y BK | ||